Aký je rozpočet Európskej únie?

Finančná pomoc - Phare, SAPARD, ISPA. Rozpočet a finančný systém Európskej únie - Európska komisia, Európsky parlament, Rada Európskej únie.

Salvato in:
Dettagli Bibliografici
Autore principale: Beličková, Kornélia, 1966-
Natura: Capitolo di libro
Lingua:slovacco
inglese
Soggetti:
Tags: Aggiungi Tag
Nessun Tag, puoi essere il primo ad aggiungerne!!

MARC

LEADER 00000naa$a2200000$$$4500
001 0003739
005 20240502071347.0
041 0 |a slo 
041 0 |a eng 
044 |a SK 
245 1 0 |a Aký je rozpočet Európskej únie?  |c aut. Kornélia Beličková 
520 |a Finančná pomoc - Phare, SAPARD, ISPA. Rozpočet a finančný systém Európskej únie - Európska komisia, Európsky parlament, Rada Európskej únie. 
610 2 0 |a Európska únia 
610 2 0 |a rozpočty 
610 2 0 |a pomoc finančná 
100 1 |a Beličková, Kornélia, 1966-